000 01279nam a22003017a 4500
003 OSt
005 20250911153811.0
008 240214b ||||| |||| 00| 0 eng d
040 _c0
082 _aDPer 621.317 Ie21 May 2022 v. 37 n. 5
100 _aKheirollahi, Reza.
_eauthor.
_952389
245 _aCapacitive couple-based transient current commutation in solid-state circuit breakers /
_cReza Kheirollahi, Xin Zan, Shuyan Zhao, Hua Zhang, Sheng Zheng, Xiaonan Lu, Al-Thaddeus Avestruz, and Fei Lu.
260 _aNew York ;
_bThe Institute of Electrical and Electronics Engineers, Inc. ,
_cMay 2022.
300 _aVolume 37, pages 4973-4978 :
_billustration ;
_c28 cm.
500 _aIEEE Transactions on Power Electronics, v. 37 n. 5, pages 4973-4978, May 2022.
650 0 _aActive injection circuits.
_965933
650 0 _aCouplers.
_965920
650 0 _aTransient analysis.
_965849
700 _aKheirollahi, Reza.
_eauthor.
_952389
700 _aZan, Xin.
_eauthor.
_952390
700 _aZhao, Shuyan.
_eauthor.
_952391
700 _aZhang, Hua.
_eauthor.
_952392
700 _aZheng, Sheng.
_eauthor.
_952393
700 _aLu, Xiaonan.
_eauthor.
_952394
700 _aAvestruz, Al-Thaddeus.
_eauthor.
_952395
700 _aLu, Fei.
_eauthor.
_952396
942 _2ddc
_cPER
999 _c19149
_d19149